| 000 | 00888cam a2200217 4500 | ||
|---|---|---|---|
| 001 | X113577 | ||
| 008 | 000000n2001 000 0 eng u | ||
| 035 | _a(Sirsi) u113577 | ||
| 100 | _aBlyth, A. | ||
| 245 | _aHow to... Apply for regional selective assistance | ||
| 260 | _c2001 | ||
| 490 |
_aProperty Week _v66(26) 29 June 2001, 98-100(2) |
||
| 520 | _aAdvises on the application for relocation funding under the Regional Selective Assistance (RSA) programme, which awards grants for projects of £500,000 or more that will create or safeguard jobs in an assisted area. Warns that this should not be a basis for choosing a particular location. | ||
| 650 | _aASSISTED AREA STATUS | ||
| 650 | _aASSISTED AREAS | ||
| 650 | _aREGIONAL SELECTIVE ASSISTANCE | ||
| 650 | _aRELOCATION GRANTS | ||
| 650 | _aRELOCATION COSTS | ||
| 690 | _aMANAGEMENT-BUSINESS MANAGEMENT | ||
| 942 | _n0 | ||
| 999 |
_c67668 _d67668 |
||